A sikeres projekt alapelemei

Bibliographic Details
Main Author: Dobrai Éva
Other Authors: Kása Dr. Richárd
Format: Thesis
Kulcsszavak:Projekt
projektsiker
projektfolyamat
Online Access:http://dolgozattar.uni-bge.hu/9686

MARC

LEADER 00000nta a2200000 i 4500
001 dolg9686
005 20161219155441.0
008 161219suuuu hu om 000 hun d
040 |a BGE Dolgozattár Repozitórium  |b hun 
041 |a hu 
100 1 |a Dobrai Éva 
245 1 2 |a A sikeres projekt alapelemei  |c Dobrai Éva  |h [elektronikus dokumentum] 
695 |a Projekt 
695 |a projektsiker 
695 |a projektfolyamat 
700 1 |a Kása Dr. Richárd  |e ths 
856 4 0 |u http://dolgozattar.uni-bge.hu/9686/1/Dobrai%20%C3%89va%20Szakdolgozat_A%20sikeres%20projekt%20alapelemei%20c%C3%ADmmel%202016.pdf  |z Dokumentum-elérés 
856 4 0 |u http://dolgozattar.uni-bge.hu/9686/7/Nyilatkozat%20Dobrai%20%C3%89va.pdf  |z Dokumentum-elérés